000 00325nam a22001337a 4500
008 160506b xxu||||| |||| 00| 0 eng d
020 _a9780781772877
020 _a10781772877
020 _a9780781772877
041 _aeng
080 _a61
245 _aFamily medicine board review:
_cRobert L.Bratton MD;
942 _2udc
_cBK
999 _c1861
_d1861